Řízení sociálního rozvoje

Na minha lista:
Detalhes bibliográficos
Autor principal: Koubek, Josef
Autor Corporativo: Vysoká škola ekonomická v Praze. Výrobně ekonomická fakulta
Formato: Livro
Idioma:tcheco
Publicado em: Praha Státní nakladatelství technické literatury 1989
Edição:1. vyd.
Tags: Adicionar Tag
Sem tags, seja o primeiro a adicionar uma tag!

MARC

LEADER 00000nam a2200000 4500
001 c038812
005 20221215120625.9
041 0 |a cze 
044 |a CZ 
245 1 0 |a Řízení sociálního rozvoje  |c Josef Koubek 
250 |a 1. vyd. 
264 1 |a Praha  |b Státní nakladatelství technické literatury  |c 1989 
300 |a 100 s. 
100 1 |a Koubek, Josef 
710 2 |a Vysoká škola ekonomická v Praze. Výrobně ekonomická fakulta